Vlastnosti pohybu mechanické soustavy se dvěma páry narážejících těles

Bibliographic Details
Main Author: Peterka, F. (Author)
Format: Article
Language:Czech

MARC

LEADER 00000nab a2200000uu 4500
001 vtls011457569
003 SK-MaSNL
005 20260303151710.0
008 230222|1977 xo |||||||||||||||||cze|
015 |a SNBRB 
035 |a (urnnbn)urn:nbn:sk:snk:ar-a09vgn 
035 |a (uuid)7ed46c66-36b3-4171-9ccf-e01dc5cec2e6 
035 |a urn:nbn:sk:snk-abcs4o 
040 |a SNKBUCL  |b slo  |c SNKBUCL  |e AACR2 
041 0 |a cze 
044 |a xo  |c SK 
100 1 |a Peterka, F.  |4 aut  |9 1171421 
245 1 0 |a Vlastnosti pohybu mechanické soustavy se dvěma páry narážejících těles  |c F. Peterka 
773 0 |t Strojnícky časopis  |g Roč. 28, č. 6 (1977), s. 731-740 
958 |a OND 
958 |a EUIPO 
958 |a article16 
999 |c 2018908  |d 2020838